000 00339nam a2200133Ia 4500
008 240624s9999 xx 000 0 und d
041 _aeng
082 _a658.154 BUC
100 _aBUCKLEY ADRIAN
245 _aINTERNATIONAL CAPITAL BUDGETING
260 _c2004
_aNew Delhi
_bPrentice-Hall
300 _aix, : 373 : p. : cm. ; 24
365 _cRS
999 _c413
_d413